Injil Isa Masih. (Record no. 8305)

MARC details
000 -LEADER
fixed length control field 00395nam a2200157 a 4500
082 00 - DEWEY DECIMAL CLASSIFICATION NUMBER
Classification number 255.59155
Author Cutter TAF
100 ## - MAIN ENTRY--AUTHOR NAME
Author name Tafsiri, Ahd-E-Jadeed
245 ## - TITLE STATEMENT
Title Injil Isa Masih.
260 ## - PUBLICATION, DISTRIBUTION, ETC. (IMPRINT)
Place of publication Tehran
Name of publisher Sandooq Pasti
Year of publication 1357
300 ## - PHYSICAL DESCRIPTION
Number of Pages 370
500 ## - GENERAL NOTE
General note includes index and biblioraphy
505 2# - FORMATTED CONTENTS NOTE
Formatted contents note Bibliography, Index.
650 ## - SUBJECT ADDED ENTRY--TOPICAL TERM
Topical Term Bible N.T. Persian
942 ## - ADDED ENTRY ELEMENTS (KOHA)
Koha item type Books
700 1# -
-- Tafsiri, Ahd-E-Jadeed
Holdings
Home library Current library Date acquired Cost, normal purchase price Full call number Accession Number Koha item type
Henry Martyn Institute Library Henry Martyn Institute Library 06/19/2007 100.00 225.59155 TAF 010622 Books
                   Copyright © 2026 | Henry Martyn Institute | Hyderabad | TS-500052 | INDIA | Implemented by hmi.edu.in
Hit-Count:

Powered by Koha